000 00389nam a22001457a 4500
005 20200619130232.0
008 200619b xxu||||| |||| 00| 0 eng d
082 _a345.4 LIC
100 _aALL INDIA REPORTER
_95740
245 _aLABOUR AND INDUSTRIAL CASES [1990] P-II JOURNAL SEC
260 _aMUMBAI
_bALL INDIA REPORTER
_c1990
300 _a2048p.
650 _aLAW
_95701
942 _cJRL
999 _c7301
_d7299